000 01612nam a2200349 a 4500
001 ebr10671075
003 CaPaEBR
006 m u
007 cr cn|||||||||
008 091028s2010 nyua sb 001 0 eng d
010 _z 2009045937
020 _z9781608767366 (pbk.)
020 _z9781614703686 (e-book)
040 _aCaPaEBR
_cCaPaEBR
035 _a(OCoLC)776162520
050 1 4 _aRM666.Q55
_bE46 2010eb
082 0 4 _a616.9/2061
_222
100 1 _aEmami, Saeed.
245 1 0 _aNew quinolones with potential anti-MRSA activity
_h[electronic resource] /
_cSaeed Emami.
260 _aNew York :
_bNova Science Publishers,
_cc2010.
300 _axiv, 110 p. :
_bill.
490 1 _aCancer etiology, diagnosis and treatments series
504 _aIncludes bibliographical references (p. [87]-104) and index.
505 0 _aHistory of quinolones development -- Mechanism of action -- Mechanisms of quinolone resistance in S. aureus -- General structural features (structure-activity relationships) -- Newer quinolones with potential anti-MRSA activity.
533 _aElectronic reproduction.
_bPalo Alto, Calif. :
_cebrary,
_d2013.
_nAvailable via World Wide Web.
_nAccess may be limited to ebrary affiliated libraries.
650 0 _aQuinolone antibacterial agents.
650 0 _aStaphylococcus aureus infections
_xChemotherapy.
655 7 _aElectronic books.
_2local
710 2 _aebrary, Inc.
830 0 _aCancer etiology, diagnosis, and treatments.
856 4 0 _uhttp://site.ebrary.com/lib/rucke/Doc?id=10671075
_zAn electronic book accessible through the World Wide Web; click to view
999 _c62268
_d62268